Statistics for Guess the Taylor Swift song no hints #40

Click here to take the quiz!

General Stats

  • This quiz has been taken 51 times
  • The average score is 309 of 372

Answer Stats

Answer% Correct
a
100%
in
100%
love
100%
the
100%
The
100%
are
98%
it
98%
on
98%
You
98%
you
98%
your
98%
is
95%
You're
95%
and
93%
And
93%
can
93%
my
93%
He
91%
he
91%
with
91%
hear
89%
No
89%
of
89%
Of
89%
see
89%
to
89%
for
84%
his
84%
One
84%
one
84%
what
84%
go
82%
I've
82%
so
82%
up
82%
was
82%
why
82%
at
80%
feel
80%
out
80%
then
80%
they
80%
way
80%
home
77%
Look
77%
look
77%
not
77%
silence
77%
too
77%
true
77%
just
75%
light
75%
lights
75%
says
75%
night
73%
now
73%
their
73%
But
70%
face
70%
into
70%
knew
68%
best
66%
Cause
66%
keep
66%
saw
66%
friend
64%
keeps
64%
kiss
64%
said
64%
two
64%
word
64%
dark
61%
goes
61%
picture
61%
shirt
61%
back
59%
brush
59%
downtown
59%
globe
59%
life
59%
office
59%
once
59%
put
59%
room
59%
shoulders
59%
snow
59%
Time
59%
touch
59%
dancing
57%
enough
57%
let
57%
much
57%
Pauses
57%
round
57%
talk
57%
whole
57%
words
57%
felt
55%
fight
55%
Meant
55%
sidewalks
55%
Strange
55%
understand
55%
fears
52%
lost
52%
midnight
52%
Morning
52%
reflects
52%
trying
52%
wars
52%
Burn
50%
coat
50%
Coffee
50%
drives
50%
fought
50%
ghosts
50%
joke
50%
minds
50%
neck
50%
place
50%
spent
50%
wakes
50%
Buttons
48%
fast
48%
toast
48%
chain
45%
Light-hearted
45%
Small
45%
Sunday
45%
moved
43%
play
43%
proof
43%
step
36%

Score Distribution

Percentile by Number Answered

Percent of People with Each Score

Your Score History

You have not taken this quiz